ბათუმის შოთა რუსთაველის სახელმწიფო უნივერსიტეტის ბიბლიოთეკა

ჩანაწერი Geographic Name

ჩანაწერთა რაოდენობა, რომელიც გამოყენებულია: 2

001 - CONTROL NUMBER

  • control field: 9195

003 - CONTROL NUMBER IDENTIFIER

  • control field: GE_BSU

005 - DATE AND TIME OF LATEST TRANSACTION

  • control field: 20200813115508.0

008 - FIXED-LENGTH DATA ELEMENTS

  • fixed length control field: 200813|| aca||aabn | a|a d

040 ## - CATALOGING SOURCE

  • Original cataloging agency: GE_BSU
  • Transcribing agency: GE_BSU

151 ## - HEADING--GEOGRAPHIC NAME

  • Geographic name: United States
  • General subdivision: Foreign relations
  • Chronological subdivision: 21st century
  • General subdivision: Forecasting.

670 ## - SOURCE DATA FOUND

  • Source citation: Work cat.: (GE_BSU)0: Kagan, Robert. 9189, The world America made /